Toronto Pearson Airport (YYZ) Destinations - Statistics

General Stats
  • This quiz has been taken 1,000 times
    850 since last reset
  • The average score is 99 of 204
Answer Stats
Hint Answer % Correct
American Eagle, Delta, Delta Connection New York-JFK
92%
Air Canada, Air Canada Express, American Eagle, WestJet New York-Laguardia
91%
Air Canada, Air Transat, Flair Air, Sunwing Air, WestJet Vancouver
91%
Air Canada Rouge, Air Transat, WestJet London-Gatwick
90%
Air Canada, British Airways London-Heathrow
90%
Air Canada Express, WestJet Encore London (ON)
90%
Air Canada, Air Canada Express, Air Transat, WestJet, WestJet Encore Montreal-Trudeau
89%
Air Canada, American Air, WestJet Los Angeles
87%
Air Canada Rouge, American Air, WestJet Miami
87%
Air Canada, Air France, Air Transat Paris-Charles de Gaulle
87%
Air Canada, Air Transat, WestJet Calgary
86%
Aeromexico, Air Canada Rouge, Interjet Mexico City
86%
Aer Lingus, Air Canada, Air Transat, WestJet Dublin
85%
Air Canada, Air Transat, Jet Airways, KLM Amsterdam
84%
Air Canada, Hainan Air Beijing
84%
Air Canada, Air Canada Express, WestJet Encore Boston
83%
Air Canada Express, American Air Dallas/Fort Worth
83%
Air Canada, Flair Air, WestJet Edmonton
83%
Air Canada San Francisco
83%
Air Canada Seattle/Tacoma
83%
Air Canada, Air Canada Express, American Eagle, United, United Express Chicago-O'hare
82%
Air Canada Express, United Express Houston-Intercontinental
82%
Air Canada Madrid
81%
Air Canada, Air Transat, Alitalia Rome
80%
Air Canada Tokyo-Narita
80%
Air Canada Express, United Express Washington-Dulles
80%
Air Canada, Air Canada Express, WestJet, WestJet Encore Ottawa
79%
Air Canada Tokyo-Haneda
79%
Air Canada Express, American Eagle Washington-National
79%
Air Canada Express, Delta, Delta Connection Atlanta
78%
Air Canada Rouge, Air Transat, Azores Air, TAP Portugal Lisbon
78%
Air Canada, China Eastern Shanghai-Pudong
78%
Air Canada Rouge, Air Transat Barcelona
77%
Air Canada Rouge, Air Transat, Sunwing Air, WestJet Orlando
77%
Air Canada Express, Delta, Delta Connection Detroit
76%
Air Canada, Condor, Lufthansa Frankfurt
76%
Air Canada, Cathay Pacific Hong Kong
76%
Air Canada, Emirates Dubai
75%
Air Canada Rouge, Cubana Havana
75%
Air Canada Express, WestJet, WestJet Encore Quebec City
75%
Air Canada Rouge Berlin-Tegel
74%
Air Canada, Air Canada Express, United Express Denver
74%
Air Canada, WestJet Halifax
74%
Air Canada, Lufthansa Munich
74%
Air Canada Portland (OR)
74%
Air Canada Express, American Eagle Charlotte
73%
Air Canada Rouge San Diego
73%
Air Canada, Korean Air Seoul-Incheon
73%
Air Canada, WestJet Winnipeg
73%
Air Canada Rouge, WestJet Las Vegas
72%
Air Canada Rouge, Air Transat, Interjet, Sunwing Air, WestJet Cancun
71%
Air Canada Rouge, Caribbean Air, Fly Jamaica Air, WestJet Kingston-Norman Manley
71%
Air Canada Express Kingston (ON)
71%
Air Canada Milan-Malpensa
71%
Air Canada Express, Delta, Delta Connection Minneapolis/St. Paul
71%
Air Canada Express, American Eagle Philadelphia
71%
Brussels Air Brussels
70%
Air Canada, Turkish Air Istanbul-Ataturk
69%
Air Canada Rouge, WestJet Phoenix
69%
Air Canada Rouge, Air Transat, Sunwing Air, WestJet San Jose del Cabo
69%
Air Canada Rouge, Air Transat Manchester
68%
Air Canada Rouge, WestJet Tampa
68%
Egyptair Cairo
67%
Air Canada Express Saint John (NB)
67%
Air Canada Rouge, Air Transat, Sunwing Air, WestJet San Jose (CR)
67%
Air Canada, WestJet St John's (NL)
67%
Austrian Air Vienna
67%
Air Canada Rouge, LOT Polish Warsaw
67%
Air Canada Austin
66%
Air Canada Copenhagen
64%
Air Canada Sydney
64%
Air Canada Rouge, WestJet Sydney (NS)
64%
Air Canada Rouge Bogota
63%
Air Canada Santiago de Chile
63%
Air Canada, Jet Airways Delhi
62%
Air Canada, Air Canada Express, United Express Newark
62%
Air Canada Express New Orleans
62%
Air Canada Sao Paulo
62%
Philippine Airlines Manila
61%
Air Canada Buenos Aires
60%
Air Canada Express Cleveland
60%
Air Canada Rouge, WestJet Victoria
60%
Etihad Airways Abu Dhabi
59%
Air Canada Rouge, Air Transat Athens
59%
Air Canada, Air Canada Express, WestJet Saskatoon
59%
Air Canada Zurich
59%
Air Canada Express Pittsburgh
58%
Air Canada, Air Canada Express, WestJet Regina
58%
EVA Air Taipei-Taoyuan
58%
China Southern Guangzhou
57%
Air Canada Express Indianapolis
57%
Air Canada Mumbai
57%
Air Canada Express, WestJet Encore Nashville
57%
Air Transat, Azores Air Porto
57%
Air Canada, Delta Salt Lake City
57%
Air Canada, El Al Tel Aviv
57%
Air Canada Express San Antonio
56%
Air Canada Express Baltimore
55%
Air Canada Rouge Edinburgh
55%
Air Canada Rouge, Air Transat, WestJet Glasgow
55%
Air Canada Express Kansas City
55%
Air Canada Rouge Lima
55%
Air Canada Express St. Louis
55%
Air Canada Rouge, Copa Air Panama City
54%
Air Canada Rouge, Icelandair, WOW Air Reykjavik
54%
Air Canada Rouge, Sunwing Air, WestJet Nassau
53%
Air Canada Rouge, Air Transat Prague
52%
Air Canada Express Columbus (OH)
51%
Air Canada Rouge Honolulu
51%
Air Canada Express Jacksonville
51%
Air Canada Rouge, Air Transat, Sunwing Air, WestJet Fort Lauderdale
50%
Air Canada Express Memphis
50%
Air Canada Rouge, Air Transat Budapest
49%
Air Canada Express, Delta Connection Cincinnati
48%
Air Canada Express Raleigh/Durham
48%
Saudia Riyadh
48%
Air Transat Santo Domingo
48%
Air Canada Express, WestJet Encore Thunder Bay
48%
Air Transat Birmingham
47%
Air Canada Geneva
45%
Pakistan International Air Karachi
45%
Air Canada Express Milwaukee
45%
Air Canada Rouge, Air Transat, Sunwing Air, WestJet Punta Cana
44%
Air Canada Rouge, Air Transat Venice
44%
Pakistan International Air Islamabad
43%
Air Canada Rouge, Air Transat, Sunwing Air, WestJet Montego Bay
42%
Air Canada Express Windsor
40%
Ethiopian Air Addis Ababa
39%
Air Canada, Air Transat, WestJet San Juan
39%
Saudia Jeddah
38%
Pakistan International Air Lahore
38%
Air Canada Express, WestJet Moncton
37%
Air Canada Express, Air Canada Rouge, WestJet Charlottetown
34%
Avianca Costa Rica San Salvador
34%
Air Canada Express, WestJet Encore Fredericton
33%
Air Canada Express, WestJet Encore Sudbury
33%
Air Canada Rouge, Flair Air, WestJet Kelowna
31%
Air Canada Rouge, Caribbean Air, WestJet Port of Spain
30%
Air Canada Express Hartford
29%
Sunwing Air St. Petersburg/Clearwater
29%
Air Canada, Air Transat, Sunwing Air, WestJet Puerto Vallarta
28%
Air Canada Express Rochester
28%
Air Canada Rouge, WestJet Barbados
27%
Air Canada, WestJet Bermuda
27%
Air Canada Rouge, WestJet Fort Myers
27%
Air Canada, Sunwing Air, WestJet Aruba
26%
Air Canada, Air Transat, Sunwing Air, WestJet Saint Lucia–Hewanorra
25%
Air Transat Zagreb
25%
Air Canada Rouge St. Kitts
24%
Air Canada, WestJet Antigua
23%
Air Canada Express Syracuse
23%
Air Canada Rouge, WestJet Belize City
22%
Air Canada Express North Bay
22%
Air Canada Express Sault Ste. Marie (ON)
22%
Air Canada Express Savannah
22%
Air Canada Rouge, Air Transat, Cubana, Sunwing Air, WestJet Varadero
22%
Fly Jamaica Air Georgetown
21%
Air Canada George Town/Exuma
21%
Air Transat Managua
21%
Air Canada Rouge, Sunwing Air St. Vincent–Argyle
21%
Air Canada, WestJet West Palm Beach
21%
Air Canada Rouge, Air Transat, Sunwing Air, WestJet Curacao
20%
Air Canada Rouge, Air Transat, Sunwing Air, WestJet Puerto Plata
20%
Air Canada Rouge, Air Transat, Sunwing Air, WestJet St. Maarten
20%
Air Canada Rouge Grenada
19%
Air Canada Rouge, Air Transat, Sunwing Air, WestJet Liberia
19%
Air Canada Rouge, Air Transat, Sunwing Air, WestJet Cayo Coco
18%
Air Canada, WestJet Fort McMurray
18%
Air Canada, Sunwing Air Gander
18%
Air Canada Express Timmins
18%
Air Canada Rouge Abbotsford
17%
Air Canada, Air Transat, Sunwing Air, WestJet Cozumel
17%
Air Canada, WestJet Grand Cayman
16%
Air Canada Rouge, Air Transat, Cubana, Sunwing Air, WestJet Holguin
16%
Air Canada Rouge, Air Transat Cartagena
15%
Air Canada Rouge, WestJet Palm Springs
15%
Air Canada Rouge, WestJet Sarasota
15%
Sunwing Air Bonaire
14%
WestJet Encore Myrtle Beach
13%
Air Canada Rouge, Air Transat, Cubana, Sunwing Air, WestJet Santa Clara
13%
Air Canada Express Harrisburg
12%
Azores Air Ponta Delgada
12%
WestJet Brandon
11%
Air Transat Faro
11%
Air Canada Rouge, WestJet Deer Lake
10%
Air Transat Fort de France
10%
WestJet Merida
10%
Air Canada, WestJet Providenciales
10%
Air Canada Express Sarnia
10%
Sunwing Air Freeport
9%
Air Canada Ixtapa-Zihuatanejo
8%
Sunwing Air Mazatlan
8%
Air Canada Rouge, Air Transat, WestJet La Romana
7%
Air Transat, Cubana, Sunwing Air Camaguey
6%
Air Canada Eagle/Vail
5%
Air Canada Rouge, Air Transat, WestJet Samana
5%
Cubana, Sunwing Air Cienfuegos
4%
Sunwing Air Manzanillo
4%
Air Canada Express Mont Tremblant
4%
Azores Air Terceira
4%
Air Transat, Cubana Cayo Largo
3%
Air Canada Rouge, Air Transat, Sunwing Air, WestJet Huatulco
3%
Air Transat Lamezia Terme
3%
Sunwing Air Stephenville
2%
No matching quizzes found
Score Distribution
Percent of People with Each Score
Percentile by Number Answered
Your Score History
You have not taken this quiz since the last reset